Calciatori della Liga nella Squadra della stagione della Champions - Statistics

Statistiche generali
  • Questo quiz è stato fatto 4 volte
    2 dall'ultimo reset
  • Il punteggio medio è 30 su 35
Statistiche sulle risposte
Numero apparizioni Edizioni apparizioni Nazione Squadra Calciatore % Corretto
3 2013-2014; 2014-2015; 2015-2016 Spagna Barcellona Andrés Iniesta
100%
1 2013-2014 Argentina Real Madrid Ángel Di María
100%
2 2015-2016; 2016-2017 Francia Atletico Madrid Antoine Griezmann
100%
2 2016-2017; 2017-2018 Brasile Real Madrid Casemiro
100%
5 2013-2014; 2014-2015; 2015-2016; 2016-2017; 2017-2018 Portogallo Real Madrid Cristiano Ronaldo
100%
3 2013-2014; 2016-2017; 2023-2024 Spagna Real Madrid Daniel Carvajal
100%
3 2013-2014; 2015-2016; 2016-2017 Uruguay Atletico Madrid Diego Godín
100%
1 2015-2016 Galles Real Madrid Gareth Bale
100%
1 2014-2015 Crpazoa Barcellona Ivan Rakitić
100%
3 2015-2016; 2016-2017; 2019-2020 Slovenia Atletico Madrid Jan Oblak
100%
1 2015-2016 Spagna Atletico Madrid Juanfran
100%
2 2020-2021; 2021-2022 Francia Real Madrid Karim Benzema
100%
1 2017-2018 Costa Rica Real Madrid Keylor Navas
100%
1 2015-2016 Spagna Atletico Madrid Koke
100%
7 2014-2015; 2015-2016; 2016-2017; 2017-2018; 2018-2019; 2019-2020; 2020-2021 Argentina Barcellona Lionel Messi
100%
2 2014-2015; 2015-2016 Uruguay Barcellona Luis Suárez
100%
6 2013-2014; 2015-2016; 2016-2017; 2017-2018; 2020-2021; 2021-2022 Croazia Real Madrid Luka Modrić
100%
2 2014-2015; 2018-2019 Germania Barcellona Marc-André ter Stegen
100%
3 2015-2016; 2016-2017; 2017-2018 Brasile Real Madrid Marcelo
100%
1 2014-2015 Brasile Barcellona Neymar
100%
1 2013-2014 Portogallo Real Madrid Pepe
100%
1 2014-2015 Spagna Barcellona Sergio Busquets
100%
4 2013-2014; 2015-2016; 2016-2017; 2017-2018 Spagna Real Madrid Sergio Ramos
100%
4 2013-2014; 2020-2021; 2021-2022; 2022-2023 Belgio Atletico Madrid / Real Madrid Thibaut Courtois
100%
1 2013-2014 Belgio Atletico Madrid Thibaut Courtois
100%
2 2021-2022; 2022-2023 Brasile Real Madrid Vinicius jr.
100%
1 2023-2024 Germania Real Madrid Antonio Rüdiger
50%
1 2013-2014 Brasile / Spagna Atletico Madrid Diego Costa
50%
2 2013-2014; 2015-2016 Spagna Atletico Madrid Gabi
50%
1 2014-2015 Spagna Barcellona Gerard Piqué
50%
1 2016-2017 Spagna Real Madrid Isco
50%
1 2014-2015 Spagna Barcellona Jordi Alba
50%
1 2017-2018 Francia Real Madrid Raphaël Varane
50%
1 2014-2015 Argentina Barcellona Javier Mascherano
0%
1 2013-2014 Spagna Real Madrid Xabi Alonso
0%
Nessun quiz corrispondente trovato
Distribuzione punteggi
Percentuale di utenti per punteggio
Percentile per numero di risposta
I tuoi punteggi nel tempo
Non hai fatto questo quiz dall'ultimo reset